Определение параметров колебаний в электроприводах постоянного тока с импульсным регулированием скорости; Известия Томского политехнического института [Известия ТПИ]; Т. 153

Λεπτομέρειες βιβλιογραφικής εγγραφής
Parent link:Известия Томского политехнического института [Известия ТПИ]/ Томский политехнический институт (ТПИ).— , 1944-1976
Т. 153.— 1965.— [С. 65-69]
Κύριος συγγραφέας: Бейнарович В. А. Владислав Александрович
Περίληψη:Заглавие с титульного листа
Электронная версия печатной публикации
Γλώσσα:Ρωσικά
Έκδοση: 1965
Θέματα:
Διαθέσιμο Online:Черно-белая версия для предварительного просмотра
Цветная версия без потери качества
Μορφή: Ηλεκτρονική πηγή Κεφάλαιο βιβλίου
KOHA link:https://koha.lib.tpu.ru/cgi-bin/koha/opac-detail.pl?biblionumber=207780

MARC

LEADER 00000nla2a2200000 4500
001 207780
005 20231101225424.0
035 |a (RuTPU)RU\TPU\book\226735 
035 |a RU\TPU\book\226734 
090 |a 207780 
100 |a 20120127d1966 k y0rusy50 ca 
101 0 |a rus 
102 |a RU 
135 |a drnn ---uucaa 
181 0 |a i  
182 0 |a b 
200 1 |a Определение параметров колебаний в электроприводах постоянного тока с импульсным регулированием скорости  |b Электронный ресурс  |f В. А. Бейнарович 
203 |a Текст  |c электронный 
215 |a 2 файла (195 Кб, 6.9 Мб) 
230 |a Электронные текстовые данные (2 файла : 195 Кб, 6.9 Мб) 
300 |a Заглавие с титульного листа 
300 |a Электронная версия печатной публикации 
320 |a [Библиогр.: с. 69 (5 назв.)] 
337 |a Adobe Reader 
461 1 |0 (RuTPU)RU\TPU\book\200995  |t Известия Томского политехнического института [Известия ТПИ]  |f Томский политехнический институт (ТПИ)  |d 1944-1976 
463 1 |0 (RuTPU)RU\TPU\book\226718  |t Т. 153  |v [С. 65-69]  |d 1965  |p 208 с. 
610 1 |a электронный ресурс 
610 1 |a труды учёных ТПУ 
700 1 |a Бейнарович  |b В. А.  |c российский ученый  |c профессор Томского политехнического университета  |f 1932-  |g Владислав Александрович  |2 stltpush  |3 (RuTPU)RU\TPU\pers\21946  |9 9267 
801 1 |a RU  |b 63413507  |c 20090320  |g PSBO 
801 2 |a RU  |b 63413507  |c 20120504  |g PSBO 
856 4 |u http://www.lib.tpu.ru/fulltext/v/Bulletin_TPU/1965/v153/09_bw.pdf  |z Черно-белая версия для предварительного просмотра 
856 4 |u http://www.lib.tpu.ru/fulltext/v/Bulletin_TPU/1965/v153/09_full.pdf  |z Цветная версия без потери качества 
942 |c CF